| 000 | 00559nam a2200193 a 4500 | ||
|---|---|---|---|
| 001 | BRCA_1827 | ||
| 005 | 20190320203551.0 | ||
| 008 | 210508s----1983sp-#---###---#000-0#spa-# | ||
| 050 | 4 |
_aNK4698 _b.C65 1983 |
|
| 245 | 1 | 0 | _aColección de retratos de los Reyes de España. |
| 260 |
_aBilbao _bBanco de Bilbao _c1983 |
||
| 300 |
_a51 p. _bil. _c32 cm. |
||
| 500 | _aFacsímil de : 1817 | ||
| 500 | _aColección Sonia Corcuera de Mancera | ||
| 650 | 1 | 4 |
_aMonedas _zEspaña _95682 |
| 650 | 1 | 4 |
_aRetratos _xMonarquía _zEspaña _95683 |
| 902 | _aDSC | ||
| 942 |
_2lcc _cB |
||
| 999 |
_c1608 _d1608 |
||